00270 2200109 4500001002100000005001500021035002000036245003900056300000700095260003200102990002600134INLIS00000000000218020250527124618 a0010-0525000472 aHorison majalah sastra /cNH. Diri a28 aJakarta :bDepdiknas,c2009 a07.13299 s/d 07.13302